Commercial law : (Record no. 1042)

MARC details
000 -LEADER
fixed length control field 00766nam a2200253 a 4500
003 - CONTROL NUMBER IDENTIFIER
control field BD-DhJNU
005 - DATE AND TIME OF LATEST TRANSACTION
control field 20250102060029.0
008 - FIXED-LENGTH DATA ELEMENTS--GENERAL INFORMATION
fixed length control field 211130b2008 ii ||||| |||| 00| 0 eng d
020 ## - INTERNATIONAL STANDARD BOOK NUMBER
International Standard Book Number 8187567791
040 ## - CATALOGING SOURCE
Original cataloging agency BD-DhJNU
Language of cataloging ENG
Transcribing agency BD-DhJNU
Modifying agency BD-DhJNU
082 ## - DEWEY DECIMAL CLASSIFICATION NUMBER
Classification number 346.5407 SEC
Edition number 23
100 1# - MAIN ENTRY--PERSONAL NAME
Personal name Sen, Arun Kumar
245 10 - TITLE STATEMENT
Title Commercial law :
Remainder of title including company law /
Statement of responsibility, etc. Arun Kumar Sen, Jitendra Kumar Mitra ; edited and revised by Sakti Mukherjee
250 ## - EDITION STATEMENT
Edition statement 25th ed.
260 ## - PUBLICATION, DISTRIBUTION, ETC.
Place of publication, distribution, etc. Kolkata :
Name of publisher, distributor, etc. World Press,
Date of publication, distribution, etc. c2008.
300 ## - PHYSICAL DESCRIPTION
Extent xx, 884 p. ;
Dimensions 21 cm.
500 ## - GENERAL NOTE
General note Includes index.
526 ## - STUDY PROGRAM INFORMATION NOTE
Program name Law
650 #0 - SUBJECT ADDED ENTRY--TOPICAL TERM
Topical term or geographic name entry element Commercial law
Geographic subdivision India.
650 #0 - SUBJECT ADDED ENTRY--TOPICAL TERM
Topical term or geographic name entry element Company law.
Geographic subdivision India.
700 1# - ADDED ENTRY--PERSONAL NAME
Personal name Mitra, Jitendra Kumar.
700 1# - ADDED ENTRY--PERSONAL NAME
Personal name Mukherjee, Sakti.
942 ## - ADDED ENTRY ELEMENTS (KOHA)
Koha item type Books
Holdings
Withdrawn status Lost status Source of classification or shelving scheme Damaged status Not for loan Collection Home library Current library Shelving location Date acquired Source of acquisition Total checkouts Full call number Barcode Date last seen Copy number Price effective from Koha item type
    Dewey Decimal Classification     Non-fiction Jagannath University Central Library Jagannath University Central Library General stacks 01/02/2025 Purchased   346.5407 SEC JNUCL35204 01/02/2025 1 01/02/2025 Books